男の感情教育

Na minha lista:
Detalhes bibliográficos
Autor principal: 諸井 薫 (Moroi Kaoru)
Formato: Livro
Publicado em: 新潮社 1982
Tags: Adicionar Tag
Sem tags, seja o primeiro a adicionar uma tag!
Thư viện lưu trữ: Mạng thư viện Đại học Đà Nẵng
LEADER 00533nam a2200229 a 4500
001 000029020
003 15605
005 20171030145630.0
008 171030s1982
040 |a LTT 
082 0 |a 305.31  |b MO-K 
100 1 |a 諸井 薫 (Moroi Kaoru) 
245 0 0 |a 男の感情教育  |c 諸井 薫. 
260 |b 新潮社  |c 1982 
500 |a SAIKA 
OWN |a LTT 
999 |a From the UDN01 
TYP |a Monograph 
TYP |a Printed language 
980 |a Mạng thư viện Đại học Đà Nẵng